| 000 | 00394nam a2200157Ia 4500 | ||
|---|---|---|---|
| 008 | 230917s9999||||xx |||||||||||||| ||und|| | ||
| 020 | _cRS575 | ||
| 040 |
_e34224 _aMAIN |
||
| 041 | _aEnglish | ||
| 082 | _a327.116 M687S | ||
| 100 | _aMishra, R C | ||
| 245 | 0 | _aSecurity in South Asia: Cross border analysis | |
| 260 |
_aDelhi _bAuthors Press _c2000 |
||
| 300 | _avii, 344 p. | ||
| 942 | _cBK | ||
| 999 |
_c105958 _d105958 |
||